Hydromechanické procesy I

Salvato in:
Dettagli Bibliografici
Autori principali: Rieger, František (Autore), Novák, Václav (Autore), Jirout, Tomáš (Autore)
Natura: Libro
Lingua:ceco
Pubblicazione: Praha : ČVUT, 2007
Edizione:1. vyd.
Soggetti:
Tags: Aggiungi Tag
Nessun Tag, puoi essere il primo ad aggiungerne!!

MARC

LEADER 00000nam a22000003a 4500
001 stu175516
005 20150716165358.2
008 081106s2007----xr------------------cze-d
020 |a 978-80-01-03286-2 
040 |a STU  |b slo 
041 0 |a cze 
044 |a xr 
080 |a 532 
100 1 |a Rieger, František  |4 aut 
245 1 |a Hydromechanické procesy I 
250 |a 1. vyd. 
260 |a Praha :  |b ČVUT,  |c 2007 
300 |a 209 s 
650 7 |a hydromechanika  |2 stusub 
700 1 |a Novák, Václav  |4 aut 
700 1 |a Jirout, Tomáš  |4 aut 
996 |b 284J034712  |c J*110512  |l JJST  |s P  |a 0  |w stu175516_0001